[Event "Quebec-ch Intercoll"]
[Site "Montreal"]
[Date "1992.04.18"]
[Round "3"]
[White "St Pierre, Benoit"]
[Black "Picard, Frederick"]
[Result "1-0"]
[WhiteElo "2094"]
[BlackElo "1526"]
[PlyCount "69"]
[EventDate "1992.04.17"]
[EventType "swiss"]
[EventRounds "6"]
[EventCountry "CAN"]
[SourceTitle "EXT 2022"]
[Source "ChessBase"]
[SourceDate "2021.10.06"]
[SourceVersion "1"]
[SourceVersionDate "2021.10.06"]
[SourceQuality "1"]

1. e4 d5 2. exd5 Qxd5 3. Nc3 Qa5 4. d4 Nf6 5. h3 Bf5 6. Nf3 e6 7. Bd3 Nc6 8. 0-0 0-0-0 9. Be3 Kb8 10. a3 Bxd3 11. Qxd3 Qh5 12. Ne2 Nd5 13. Bd2 f5 14. b4 a6 15. Rfe1 Re8 16. Qc4 Nf6 17. Nf4 Qf7 18. Ng5 Qd7 19. Nfxe6 h6 20. Nxf8 Rhxf8 21. Rxe8+ Rxe8 22. Nf3 Ne4 23. d5 Ne5 24. Nxe5 Rxe5 25. Be3 Nd6 26. Qd4 Rxe3 27. fxe3 Ne4 28. c4 Qe7 29. Rf1 Ng3 30. Rf2 Ne4 31. Rxf5 Ng3 32. Rf2 Ne4 33. Rf3 Ng5 34. Rf4 Nf7 35. Qe4 1-0

[Event "Quebec-ch Intercoll"]
[Site "Montreal"]
[Date "1992.04.17"]
[Round "2"]
[White "Picard, Frederick"]
[Black "Laflamme, Simon"]
[Result "1-0"]
[WhiteElo "1526"]
[BlackElo "1847"]
[PlyCount "33"]
[EventDate "1992.04.17"]
[EventType "swiss"]
[EventRounds "6"]
[EventCountry "CAN"]
[SourceTitle "EXT 2022"]
[Source "ChessBase"]
[SourceDate "2021.10.06"]
[SourceVersion "1"]
[SourceVersionDate "2021.10.06"]
[SourceQuality "1"]

1. d4 c5 2. e4 cxd4 3. Nf3 e5 4. c3 dxc3 5. Nxc3 Nc6 6. Bc4 Nf6 7. Ng5 d5 8. Nxd5 Nxd5 9. Bxd5 Bb4+ 10. Kf1 Be6 11. Be3 Ba5 12. Nxe6 fxe6 13. Bxe6 Qxd1+ 14. Rxd1 Rd8 15. Rxd8+ Nxd8 16. Bd5 b6 17. Ke2 1-0